000 02908nam0a2200397 4500
001 RU\NLR\BIBL_A\012807741
005 20250624164512.0
010 _a978-5-9293-2809-1
_9100
021 _aRU
_b2022-8200
_9КН-П-665
035 _a(RuMoRGB)010976271
035 _a(NLR Aleph) 012807741
090 _a13203511
_c13203511
100 _a20220602d2021 |||y0rusy50 ca
101 0 _aeng
_arus
102 _aRU
105 _aabc j 000zy
181 0 _ai3
_baxxe
182 0 _an
200 1 _aАнглийский язык для студентов-журналистов
_dStudy english for journalism matters
_eучебное пособие
_eпо направлению 42.03.02 Журналистика, профиль "Мультимедийная журналистика"
_fА. Э. Ефремова
_gМинистерство науки и высшего образования Российской Федерации, Забайкальский государственный университет
_zeng
203 _aТекст
_bвизуальный
_cнепосредственный
210 _aЧита
_cЗабГУ
_d2021
215 _a145 с.
_cил., карты, портр., табл.
_d21
300 _aНа 4-й с. обл. авт.: Ефремова А. Э., доц., канд. пед. наук
320 _aБиблиогр.: с. 123-134 (101 назв.)
330 _aУчебное пособие содержит материалы по основным аспектам английского языка, изучаемым на неязыковых факультетах вузов: вводно-коррективный курс (алфавит, фонетика, транскрипция, правила чтения), речевой этикет ситуаций элементарного общения; языковой и речевой материал согласно темам программы, а также модуль English for Specific Purposes - специализированные тексты на английском языке, касающиеся специфики направления <Мультимедийная журналистика>, и задания для изучения английского языка на материале средств массовой информации
510 1 _6z11790
_aStudy english for journalism matters
_zeng
606 1 _aАнглийский язык
_xУчебные издания для журналистов
_92406792
_3RU\NLR\AUTH\661434298
675 _a811.111(075.8)
_v4
686 1 _aШ143.21-93рус329.9
700 1 _aЕфремова
_bА. Э.
_gАлла Эдуардовна
790 1 _6z11510
_aEfremova
_bA. É.
_gAlla Éduardovna
942 _cBOOK
980 _aNB